[Event "Seattle Seafair op"]
[Site "Chess.com INT"]
[Date "2020.07.18"]
[Round "?"]
[White "Gao, Daniel Danning"]
[Black "Tang, Austin"]
[Result "0-1"]
[WhiteElo "1622"]
[BlackElo "1509"]
[PlyCount "72"]
[EventDate "2020.07.18"]
[EventType "swiss"]
[EventRounds "5"]
[EventCountry "NET"]
[SourceTitle "EXT 2023"]
[Source "ChessBase"]
[SourceDate "2022.10.05"]
[SourceVersion "1"]
[SourceVersionDate "2022.10.05"]
[SourceQuality "1"]

1. d4 Nf6 2. Nf3 g6 3. Bf4 Bg7 4. e3 d6 5. c3 Nbd7 6. Nbd2 0-0 7. Be2 Re8 8. 0-0 e5 9. dxe5 dxe5 10. Bg3 c5 11. Nb3 Qe7 12. Qc2 a6 13. Rfd1 b6 14. a4 Bb7 15. a5 b5 16. h3 Rad8 17. Kh1 h6 18. Kg1 Qe6 19. Nbd2 Nh5 20. Bh2 Nhf6 21. Bg3 e4 22. Ne1 Rc8 23. b3 Nd5 24. Nb1 Red8 25. Ra2 f5 26. Ra3 b4 27. Ra2 bxc3 28. Bc4 Kh7 29. Qe2 Ne5 30. Rc2 Nxc4 31. Qxc4 Qc6 32. Rcc1 Qb5 33. Qxb5 axb5 34. Na3 Bc6 35. Nb1 Ra8 36. Kh1 Rd7 0-1